LEADER 00429nab a2200145 i 4500 001 000000283266 003 CaOOAMICUS 005 20180831165234.0 008 180831n xx uu u0 0und r 013 $a36283 040 $aSeMil$bita 245 10$a[SENZA TITOLO]. 773 0 $t1985.$dBrescia : Queriniana, 1985.$w()237284 774 0 $tSanta Paola Frassinetti, 12 giugno.$w()323862 996 $6245$a[SENZA TITOLO]$9(OLS)http://semarc/title/354609 LEADER 01123nam a2200277 i 4500 001 000000124742 003 CaOOAMICUS 005 20040330000000.0 008 040330s1998 it u000 u ita u 013 $a97439 020 $a88-425-2382-8 040 $aSeMil$bita 100 1 $aZappoli, Giancarlo.$0(OLS)http://semarc/name/51841 245 10$aInvito al cinema di Woody Allen /$cGiancarlo Zappoli. 260 $aMilano :$bMursia,$ccopyr. 1998. 300 $a222 p. ;$c17 cm. 490 0 $aInvito al cinema ;$v8 500 $aContiene : Nota bibliografica ; Indice dei nomi ; Indice dei film di Woody Allen. 600 14$aAllen, Woody <1935- >.$0(OLS)http://semarc/subject/24122 830 0$aInvito al cinema ;$v8.$0(OLS)http://semarc/title/14950 850 $aSeMil 852 $aSeMil$W1$xVenegono$y1$m58 35 8 *$j79263$B79263$CSeMilBibl$Z2$F81604 $81 961 $aOmaggio: Zappoli Giancarlo 996 $6020$a88-425-2382-8$9(OLS)http://semarc/number/110532 996 $6245$aInvito al cinema di Woody Allen$9(OLS)http://semarc/title/183585 996 $6260$aMilano :$bMursia$9(OLS)http://semarc/publisher/30230